|
|
|
|
| LEADER |
00000nam2a2200000 4500 |
| 001 |
329676 |
| 005 |
20231102004202.0 |
| 035 |
|
|
|a (RuTPU)RU\TPU\book\355436
|
| 035 |
|
|
|a RU\TPU\book\320413
|
| 090 |
|
|
|a 329676
|
| 100 |
|
|
|a 20170317d1979 k y0rusy5003 ca
|
| 101 |
0 |
|
|a rus
|
| 102 |
|
|
|a BY
|
| 105 |
|
|
|a a z 001zy
|
| 200 |
0 |
|
|a Вып. 6
|
| 210 |
|
|
|d 1979
|
| 215 |
|
|
|a 148, 7 с.
|c ил.
|
| 320 |
|
|
|a Библиогр. в конце ст.
|
| 461 |
|
1 |
|0 (RuTPU)RU\TPU\book\240785
|t Теоретическая и прикладная механика
|o республиканский межведомственный сборник научных трудов
|f Белорусский политехнический институт ; под ред. А. Х. Кима
|v Вып. 6
|d 1975-
|
| 606 |
1 |
|
|a Механика теоретическая
|2 stltpush
|3 (RuTPU)RU\TPU\subj\59441
|9 76991
|
| 606 |
1 |
|
|a Прикладная механика
|2 stltpush
|3 (RuTPU)RU\TPU\subj\51670
|9 70243
|
| 610 |
1 |
|
|a продольные колебания
|
| 610 |
1 |
|
|a упругие стержни
|
| 610 |
1 |
|
|a нагрузки
|
| 610 |
1 |
|
|a теория упругости
|
| 610 |
1 |
|
|a изгиб
|
| 610 |
1 |
|
|a теория качения
|
| 610 |
1 |
|
|a жидкие кристаллы
|
| 610 |
1 |
|
|a гидродинамика
|
| 610 |
1 |
|
|a реодинамический анализ
|
| 610 |
1 |
|
|a вариационные методы
|
| 675 |
|
|
|a 531
|z rus
|v 3
|
| 675 |
|
|
|a 621.01:531
|z rus
|v 3
|
| 801 |
|
0 |
|a RU
|b 63413507
|c 19950704
|g psbo
|
| 801 |
|
1 |
|a RU
|b 63413507
|c 20120824
|
| 801 |
|
2 |
|a RU
|b 63413507
|c 20170321
|g RCR
|
| 942 |
|
|
|c BK
|